000 00430nam a22001697a 4500
003 OSt
005 20211231145741.0
008 211231b |||||||| |||| 00| 0 eng d
020 _a0706909666
040 _cHU
082 _a330
100 _a Sundharam, K. P. M
_926650
245 _aPrinciples of economics
260 _aNew Delhi
_bAgra, Ratan Prakashan Mandir
300 _a 650 pages
_bPC
_c 22 cm
942 _2ddc
_cBOOKS
_n0
999 _c25586
_d25586